[Event "Heusenstamm Schloss op"]
[Site "Heusenstamm"]
[Date "2023.11.25"]
[Round "4"]
[White "Hofmann, Werner2"]
[Black "Degenhardt, Andreas"]
[Result "1/2-1/2"]
[WhiteElo "1669"]
[BlackElo "1714"]
[PlyCount "46"]
[EventDate "2023.11.23"]
[EventType "swiss"]
[EventRounds "7"]
[EventCountry "GER"]
[SourceTitle "CB50_2023"]
[SourceDate "2023.12.13"]
[SourceVersion "1"]
[SourceVersionDate "2023.12.13"]
[SourceQuality "1"]

1. d4 d5 2. Nc3 Nf6 3. Bf4 e6 4. e3 Bb4 5. Bd3 c5 6. dxc5 Bxc3+ 7. bxc3 Qa5 8. Ne2 Qxc5 9. Qd2 Nbd7 10. Bg3 0-0 11. f3 Nb6 12. Be5 Nc4 13. Bxc4 Qxc4 14. Bxf6 gxf6 15. Qd4 e5 16. Qxc4 dxc4 17. g4 Bd7 18. Ng3 Kg7 19. e4 Ba4 20. Nf5+ Kg6 21. Ne3 Bd7 22. Ke2 Rfd8 23. Rhd1 Bc6 1/2-1/2

[Event "Heusenstamm Schloss op"]
[Site "Heusenstamm"]
[Date "2023.11.23"]
[Round "1"]
[White "Degenhardt, Andreas"]
[Black "Wenzel, Calvin"]
[Result "0-1"]
[WhiteElo "1714"]
[BlackElo "1993"]
[PlyCount "47"]
[EventDate "2023.11.23"]
[EventType "swiss"]
[EventRounds "7"]
[EventCountry "GER"]
[SourceTitle "CB48_2023"]
[SourceDate "2023.11.29"]
[SourceVersion "1"]
[SourceVersionDate "2023.11.29"]
[SourceQuality "1"]

1. d4 Nf6 2. Nf3 c5 3. e3 g6 4. c3 Bg7 5. Nbd2 b6 6. Qc2 0-0 7. Be2 d5 8. e4 Bb7 9. exd5 Nxd5 10. dxc5 Nf4 11. cxb6 Qd7 12. g3 Nxe2 13. Kxe2 Qe6+ 14. Kf1 Rd8 15. Rg1 Qh3+ 16. Ke1 Rd6 17. Qb3 Re6+ 18. Kd1 Qg4 19. c4 Na6 20. bxa7 Nc5 21. Qa3 Rd8 22. Qxc5 Qxf3+ 23. Kc2 Qd3+ 24. Kd1 0-1

[Event "Hofheim Spring op-B 7th"]
[Site "Hofheim"]
[Date "2019.04.25"]
[Round "5"]
[White "Degenhardt, Andreas"]
[Black "Traut, Stefan"]
[Result "1-0"]
[WhiteElo "1780"]
[BlackElo "1591"]
[PlyCount "81"]
[EventDate "2019.04.23"]
[EventType "swiss"]
[EventRounds "9"]
[EventCountry "GER"]
[SourceTitle "CBM 190 Extra"]
[Source "ChessBase"]
[SourceDate "2019.07.15"]
[SourceVersion "1"]
[SourceVersionDate "2019.07.15"]
[SourceQuality "1"]

1. d4 Nf6 2. a3 g6 3. Nf3 Bg7 4. Nbd2 d5 5. b4 0-0 6. e3 Bf5 7. Bb2 Nbd7 8. c4 c6 9. Be2 Rc8 10. 0-0 h6 11. Rc1 Be6 12. Bd3 a6 13. Re1 Re8 14. a4 Nf8 15. Qe2 Bg4 16. h3 Bxf3 17. Qxf3 Qd7 18. b5 axb5 19. cxb5 Qd6 20. Qd1 cxb5 21. Bxb5 Red8 22. Qb3 Qb6 23. Ba3 Qe6 24. Qb4 Rxc1 25. Rxc1 Qd6 26. Qxd6 exd6 27. Rc7 Ne6 28. Rxb7 Rc8 29. a5 Rc2 30. Nf1 Ne4 31. f3 Nd2 32. Nxd2 Rxd2 33. a6 Ra2 34. Bxd6 Kh7 35. Rxf7 Ra1+ 36. Kh2 Ng5 37. Re7 Ra2 38. Kg1 Ra1+ 39. Bf1 Kg8 40. a7 Bf8 41. Re8 1-0

[Event "Heusenstamm Sparkassen op-A 4th"]
[Site "Heusenstamm"]
[Date "2017.11.26"]
[Round "6"]
[White "Degenhardt, Andreas"]
[Black "Mischke, Gabriel"]
[Result "0-1"]
[WhiteElo "1775"]
[BlackElo "2049"]
[PlyCount "68"]
[EventDate "2017.11.23"]
[EventType "swiss"]
[EventRounds "7"]
[EventCountry "GER"]
[SourceTitle "EXT 2019"]
[Source "ChessBase"]
[SourceDate "2018.10.10"]
[SourceVersion "1"]
[SourceVersionDate "2018.10.10"]
[SourceQuality "1"]

1. d4 d5 2. Nf3 Nf6 3. Nbd2 Bf5 4. c4 e6 5. Nh4 Bg4 6. h3 Bh5 7. g4 Bg6 8. Nxg6 hxg6 9. Bg2 Nc6 10. e3 g5 11. a3 Qd7 12. Qc2 a5 13. b3 e5 14. cxd5 Nxd5 15. Qc4 Nb6 16. Bxc6 bxc6 17. Qc3 Qd5 18. f3 exd4 19. Qxd4 Bc5 20. Qc3 0-0-0 21. Kf2 Rde8 22. Nf1 Bd6 23. Qc2 g6 24. Bb2 Be5 25. Rd1 Qb5 26. a4 Qb4 27. Bxe5 Rxe5 28. Rd4 Rc5 29. Qd1 Qa3 30. Ng3 Rc3 31. Rd3 Qb2+ 32. Ne2 Rc2 33. Ke1 Nd5 34. Nd4 Rc1 0-1

[Event "Kiel op 30th"]
[Site "Kiel"]
[Date "2017.08.02"]
[Round "7"]
[White "Degenhardt, Andreas"]
[Black "Zimmermann, Manfred"]
[Result "0-1"]
[WhiteElo "1777"]
[BlackElo "1997"]
[PlyCount "66"]
[EventDate "2017.07.29"]
[EventType "swiss"]
[EventRounds "9"]
[EventCountry "GER"]
[SourceTitle "EXT 2018"]
[Source "ChessBase"]
[SourceDate "2017.10.13"]
[SourceVersion "1"]
[SourceVersionDate "2017.10.13"]
[SourceQuality "1"]

1. d4 Nf6 2. Nf3 e6 3. Nbd2 d5 4. e3 Nbd7 5. Bd3 Bd6 6. 0-0 c5 7. b3 cxd4 8. exd4 0-0 9. Bb2 b6 10. Ne5 Bb7 11. Qe2 Re8 12. f4 g6 13. Rf3 Nf8 14. Raf1 N6d7 15. Rg3 f5 16. Ndf3 Re7 17. Nxd7 Rxd7 18. Ng5 Qf6 19. Qd2 Rc8 20. Nf3 Rg7 21. Ne5 Qd8 22. Rc1 Rgc7 23. Re3 Be7 24. Qe2 Kg7 25. Rg3 Bd6 26. Re3 Qe7 27. a4 Bb4 28. Ra1 a5 29. Nf3 Bd6 30. g3 h6 31. h4 Re8 32. Kf2 Nd7 33. Rh1 Nf8 0-1

[Event "Kiel op 30th"]
[Site "Kiel"]
[Date "2017.07.30"]
[Round "4"]
[White "Bernhardsson, Sten Hilding G"]
[Black "Degenhardt, Andreas"]
[Result "1-0"]
[WhiteElo "1922"]
[BlackElo "1777"]
[PlyCount "39"]
[EventDate "2017.07.29"]
[EventType "swiss"]
[EventRounds "9"]
[EventCountry "GER"]
[SourceTitle "EXT 2018"]
[Source "ChessBase"]
[SourceDate "2017.10.13"]
[SourceVersion "1"]
[SourceVersionDate "2017.10.13"]
[SourceQuality "1"]

1. d4 d5 2. Nf3 Nf6 3. c4 e6 4. Nc3 a6 5. e3 b6 6. cxd5 exd5 7. Bd3 Bb7 8. 0-0 Ne4 9. Qc2 f5 10. Ne5 Bd6 11. f3 Nxc3 12. bxc3 g6 13. e4 Bxe5 14. dxe5 fxe4 15. fxe4 d4 16. Bc4 Rf8 17. Rxf8+ Kxf8 18. Qf2+ Kg7 19. Qf7+ Kh8 20. Bg5 1-0

[Event "Kiel op 30th"]
[Site "Kiel"]
[Date "2017.07.29"]
[Round "1"]
[White "Degenhardt, Andreas"]
[Black "Mueller, Jan1111"]
[Result "1/2-1/2"]
[WhiteElo "1777"]
[BlackElo "2109"]
[PlyCount "41"]
[EventDate "2017.07.29"]
[EventType "swiss"]
[EventRounds "9"]
[EventCountry "GER"]
[SourceTitle "EXT 2018"]
[Source "ChessBase"]
[SourceDate "2017.10.13"]
[SourceVersion "1"]
[SourceVersionDate "2017.10.13"]
[SourceQuality "1"]

1. d4 e6 2. Nd2 Nf6 3. Ngf3 c5 4. e3 b6 5. Bd3 Ba6 6. Qe2 Bxd3 7. Qxd3 Nc6 8. a3 d5 9. b3 Be7 10. Bb2 0-0 11. 0-0 Nd7 12. Rac1 Bf6 13. c4 Rc8 14. cxd5 exd5 15. Rfe1 Re8 16. Rc2 cxd4 17. exd4 Rxe1+ 18. Nxe1 Nf8 19. Nef3 Ne6 20. g3 Ne7 21. Nf1 1/2-1/2

[Event "Prague Holiday K11"]
[Site "Prague"]
[Date "2016.07.20"]
[Round "6"]
[White "Sittinger, Lutz"]
[Black "Degenhardt, Andreas"]
[Result "1-0"]
[WhiteElo "1877"]
[BlackElo "1810"]
[PlyCount "89"]
[EventDate "2016.07.17"]
[EventType "tourn"]
[EventRounds "9"]
[EventCountry "CZE"]
[SourceTitle "EXT 2023"]
[Source "ChessBase"]
[SourceDate "2022.10.05"]
[SourceVersion "1"]
[SourceVersionDate "2022.10.05"]
[SourceQuality "1"]

1. e4 c6 2. d4 d5 3. exd5 cxd5 4. Nf3 Nc6 5. c4 Nf6 6. Nc3 Bg4 7. Be3 e6 8. Be2 Bb4 9. 0-0 Bxc3 10. bxc3 dxc4 11. Bxc4 0-0 12. h3 Bxf3 13. Qxf3 Na5 14. Bd3 Rc8 15. Rac1 Qd5 16. Qg3 Kh8 17. Qh4 Qh5 18. Qxh5 Nxh5 19. c4 Rfd8 20. Rfd1 Nc6 21. Be2 Nf6 22. Bf3 b6 23. a4 Na5 24. Be2 Rd7 25. c5 Nd5 26. Ba6 Rcc7 27. Bb5 Re7 28. Bg5 f6 29. Bh4 bxc5 30. Bg3 Rc8 31. Bd6 Rf7 32. dxc5 Nc7 33. c6 a6 34. Bxc7 Rfxc7 35. Bxa6 Rb8 36. Bb5 Rbc8 37. Rd6 e5 38. Rcd1 h6 39. Rd8+ Kh7 40. R1d7 Rxd8 41. Rxc7 Rd1+ 42. Kh2 Rc1 43. Ra7 Nb3 44. c7 Nd4 45. Bd7 1-0

[Event "Prague Holiday K11"]
[Site "Prague"]
[Date "2016.07.17"]
[Round "2"]
[White "Degenhardt, Andreas"]
[Black "Vorisek, Jakub"]
[Result "1/2-1/2"]
[WhiteElo "1810"]
[BlackElo "1830"]
[PlyCount "47"]
[EventDate "2016.07.17"]
[EventType "tourn"]
[EventRounds "9"]
[EventCountry "CZE"]
[SourceTitle "EXT 2023"]
[Source "ChessBase"]
[SourceDate "2022.10.05"]
[SourceVersion "1"]
[SourceVersionDate "2022.10.05"]
[SourceQuality "1"]

1. d4 d5 2. Nf3 Bg4 3. Nbd2 Bxf3 4. Nxf3 e6 5. e3 c5 6. b3 Nc6 7. Bb2 Nf6 8. a3 Be7 9. Bd3 0-0 10. 0-0 b6 11. Qe2 Qc7 12. Ne5 Nxe5 13. dxe5 Nd7 14. f4 f6 15. Qh5 f5 16. c4 dxc4 17. Bxc4 Qc6 18. a4 Rac8 19. Rf3 g6 20. Rg3 Rf7 21. Qe2 Nf8 22. Bb5 Qd5 23. Bc4 Qc6 24. Bb5 1/2-1/2

[Event "Kiel op-B 28th"]
[Site "Kiel"]
[Date "2015.07.25"]
[Round "2"]
[White "Degenhardt, Andreas"]
[Black "Birkholz, Frank"]
[Result "1/2-1/2"]
[WhiteElo "1762"]
[BlackElo "1571"]
[PlyCount "80"]
[EventDate "2015.07.25"]
[EventType "swiss"]
[EventRounds "9"]
[EventCountry "GER"]
[SourceTitle "EXT 2017"]
[Source "ChessBase"]
[SourceDate "2016.10.25"]
[SourceVersion "1"]
[SourceVersionDate "2016.10.25"]
[SourceQuality "1"]

1. d4 d5 2. Nf3 c5 3. dxc5 Qa5+ 4. Nbd2 e6 5. e3 Bxc5 6. Bd3 Nf6 7. 0-0 Qc7 8. a3 Nc6 9. b4 Be7 10. Bb2 0-0 11. c4 dxc4 12. Nxc4 Rd8 13. Qe2 a6 14. Rac1 Qb8 15. Rfd1 Nd7 16. Qc2 g6 17. Be4 f5 18. Bxc6 bxc6 19. Nce5 Nxe5 20. Rxd8+ Bxd8 21. Bxe5 Bc7 22. Bxc7 Qxc7 23. Qxc6 Qxc6 24. Rxc6 Bd7 25. Rc3 a5 26. h3 axb4 27. axb4 Ra1+ 28. Kh2 Rb1 29. Rc7 Bb5 30. Rb7 Bc6 31. Rb8+ Kg7 32. Nd2 Bd5 33. b5 e5 34. Nf3 Bxf3 35. gxf3 Rb2 36. Kg3 Rb4 37. f4 exf4+ 38. exf4 Rb3+ 39. Kg2 Rb4 40. Kg3 Rb3+ 1/2-1/2

[Event "Gernsheim U20 op 3rd"]
[Site "Gernsheim"]
[Date "2005.05.??"]
[Round "3"]
[White "Degenhardt, Andreas"]
[Black "Leiter, Dominik"]
[Result "1-0"]
[WhiteElo "1300"]
[BlackElo "1096"]
[PlyCount "74"]
[EventDate "2005.05.??"]
[EventType "swiss"]
[EventRounds "7"]
[EventCountry "GER"]
[SourceTitle "EXT 2007"]
[Source "ChessBase"]
[SourceDate "2006.11.23"]
[SourceVersion "1"]
[SourceVersionDate "2006.11.23"]
[SourceQuality "1"]

1. d4 d5 2. c3 Nf6 3. Bg5 e6 4. Nd2 h6 5. Bxf6 Qxf6 6. e3 Nc6 7. f4 b6 8. Qf3 Bd6 9. Bd3 0-0 10. Ne2 Bb7 11. 0-0-0 Qe7 12. h4 a5 13. g4 f6 14. Qh3 Kf7 15. Rdf1 Ke8 16. g5 fxg5 17. hxg5 hxg5 18. Qh5+ Kd7 19. Qxg5 Qxg5 20. fxg5 a4 21. a3 Rxf1+ 22. Rxf1 Rf8 23. Rxf8 Bxf8 24. Bb5 Be7 25. g6 Bg5 26. Nf4 Bxf4 27. exf4 Ke7 28. Bxa4 Kf6 29. Bc2 Ba6 30. Nf3 Ne7 31. Ne5 Be2 32. Kd2 Bh5 33. a4 Nxg6 34. Bxg6 Bxg6 35. Nxg6 Kxg6 36. Ke3 Kf5 37. b4 b5 1-0